00713 2200277 4500001002100000005001500021035002000036007000300056008004100059020002200100082001000122084001400132245007200146250001000218260002900228300003800257650002400295700000900319110002200328504003000350990001100380990001100391990001100402990001100413990001100424INLIS00000000000585720200706095327 a0010-0720000025ta200706 g 0 ind  a978-602-5710-38-4 a153.9 a153.9 ALL1 aAll New Tes SPMB Ikatan Dinas /cTim Garuda Eduka; penyunting, Amin acet.1 aJakarta :bCmedia,c2019 aviii, 574 hlm. :bilus. ;c26 cm. 4aINTELIGENSI MANUSIA0 aAMIN aTIM ,Garuda Eduka aBibliografi : hlm.573-574 a7461 a a7461 b a7461 c a7461 d a7461 e